Código procesal penal: edición oficial, aprobada por decreto N§1001, de 30 de octubre de 2000, del Ministerio de Justicia

Gespeichert in:
Bibliographische Detailangaben
Format: Buch
Sprache:Spanisch
Veröffentlicht: Santiago Jurídica de Chile 2002
Schlagworte:
Tags: Tag hinzufügen
Keine Tags, Fügen Sie den ersten Tag hinzu!

MARC

LEADER 00000nam a2200000 a 4500
001 UCM1451
003 CL-VaPUC
008 020404e20020300CL |||||||||||||||||spa|d
082 0 4 |a 345.8305  |b COD  |2 21 
245 1 0 |a Código procesal penal: edición oficial, aprobada por decreto N§1001, de 30 de octubre de 2000, del Ministerio de Justicia 
300 |a 315 p 
942 |c BK 
945 |d 20020404 00:00:00  |a vberengu 
260 |a Santiago  |b Jurídica de Chile  |c 2002 
500 |a Apéndice actualizado a enero de 2002 
650 0 |a Acción penal  |9 254970 
650 7 |a DETENCION  |2 CL-VaPUC  |9 351076 
650 0 |a Medidas cautelares  |9 256590 
650 0 |a Nulidad   |9 256755 
650 0 |a Nulidad procesal   |9 336734 
650 0 |a Prisión preventiva  |9 257600 
650 0 |a Recurso de apelación  |9 380716 
650 7 |a RECURSO DE REPOSICION  |2 CL-VaPUC  |9 451062 
650 7 |a RECURSOS  |2 CL-VaPUC  |9 338276 
583 |a last modification  |c 20020404 00:00:00  |k Rodrigo Vera 
999 |c 299908  |d 299906 
952 |0 0  |1 0  |2 ddc  |4 0  |6 345_830500000000000_COD_2002  |7 0  |8 FOND_LRYV  |9 356962  |a BIBDER  |b BIBDER  |d 2019-11-21  |i 3828271  |o 345.8305 COD 2002  |p 3828271  |r 2023-01-25  |w 2019-11-21  |y BK_X  |k DER 
952 |0 0  |1 0  |2 ddc  |4 0  |6 345_830500000000000_COD_2002  |7 0  |8 FOND_LRYV  |9 356963  |a BIBDER  |b BIBDER  |d 2019-11-21  |i 382828K  |o 345.8305 COD 2002  |p 382828K  |r 2023-01-25  |w 2019-11-21  |y BK_X  |k DER